[Event "Berlin Lichtenberger op 9th"]
[Site "Berlin"]
[Date "2010.08.15"]
[Round "9"]
[White "Amelang, Thomas"]
[Black "Weyers, Guido"]
[Result "1-0"]
[WhiteElo "2153"]
[BlackElo "1985"]
[PlyCount "79"]
[EventDate "2010.08.07"]
[EventType "swiss"]
[EventRounds "9"]
[EventCountry "GER"]
[SourceTitle "CBM 137 Extra"]
[Source "ChessBase"]
[SourceDate "2010.09.01"]
[SourceVersion "1"]
[SourceVersionDate "2010.09.01"]
[SourceQuality "1"]

1. e4 c6 2. d4 d5 3. e5 c5 4. c3 Nc6 5. Be3 cxd4 6. cxd4 Bf5 7. Nc3 e6 8. Bb5 Bb4 9. Rc1 Nge7 10. Nge2 0-0 11. 0-0 a6 12. Bxc6 Nxc6 13. Ng3 Bg6 14. Nce2 Rc8 15. Nf4 Qh4 16. Qb3 Rc7 17. Rxc6 Rxc6 18. Nxg6 hxg6 19. Qxb4 b5 20. Ne2 Rfc8 21. Nf4 Qd8 22. Nd3 Rc4 23. Qb3 R4c6 24. Nc5 Qb6 25. Bd2 a5 26. a3 Ra8 27. Qg3 Qd8 28. Re1 Qe8 29. Qh4 b4 30. a4 Rac8 31. Be3 Qd8 32. Qg4 Qe8 33. Bg5 R8c7 34. h4 Rxc5 35. dxc5 Qxa4 36. Qd4 Qb3 37. Rc1 Qa2 38. c6 Qa4 39. Qb6 Rc8 40. Qb7 1-0

[Event "Berlin Lichtenberger op 9th"]
[Site "Berlin"]
[Date "2010.08.13"]
[Round "7"]
[White "Weyers, Guido"]
[Black "Schulz, Toni1111"]
[Result "1-0"]
[WhiteElo "1985"]
[BlackElo "1857"]
[PlyCount "47"]
[EventDate "2010.08.07"]
[EventType "swiss"]
[EventRounds "9"]
[EventCountry "GER"]
[SourceTitle "CBM 137 Extra"]
[Source "ChessBase"]
[SourceDate "2010.09.01"]
[SourceVersion "1"]
[SourceVersionDate "2010.09.01"]
[SourceQuality "1"]

1. c4 Nf6 2. g3 e6 3. Bg2 Be7 4. e4 d6 5. Nc3 Nbd7 6. Nge2 c5 7. 0-0 a6 8. d4 0-0 9. h3 Rb8 10. a4 b6 11. Kh2 Bb7 12. f4 cxd4 13. Nxd4 Nc5 14. Qe2 e5 15. Nf5 Nfd7 16. Be3 Bf6 17. Nxd6 exf4 18. gxf4 Bxc3 19. bxc3 Bc6 20. e5 Bxa4 21. Bd5 b5 22. Qh5 Ne6 23. Rg1 Qe7 24. Nf5 1-0

[Event "Berlin Lichtenberger op 9th"]
[Site "Berlin"]
[Date "2010.08.10"]
[Round "4"]
[White "Weyers, Guido"]
[Black "Boeck, Moacir Luis"]
[Result "1-0"]
[WhiteElo "1985"]
[BlackElo "1779"]
[PlyCount "59"]
[EventDate "2010.08.07"]
[EventType "swiss"]
[EventRounds "9"]
[EventCountry "GER"]
[SourceTitle "CBM 137 Extra"]
[Source "ChessBase"]
[SourceDate "2010.09.01"]
[SourceVersion "1"]
[SourceVersionDate "2010.09.01"]
[SourceQuality "1"]

1. c4 Nf6 2. g3 g6 3. Bg2 Bg7 4. Nc3 e6 5. e4 d6 6. Nge2 0-0 7. 0-0 e5 8. h3 Be6 9. d3 c5 10. f4 Qc8 11. Kh2 exf4 12. Nxf4 Nc6 13. Nfd5 Bxd5 14. cxd5 Nd4 15. Bg5 Nh5 16. Bf3 Nxf3+ 17. Qxf3 Be5 18. Ne2 Bxb2 19. Rab1 Be5 20. Be7 Re8 21. Qxf7+ Kh8 22. Rxb7 Bg7 23. Bf6 Rg8 24. g4 Nxf6 25. Rxf6 c4 26. Nf4 cxd3 27. Nxg6+ hxg6 28. Qxg6 Qc2+ 29. Kg3 Qd2 30. Qh5+ 1-0

[Event "Berlin qualification op"]
[Site "Berlin"]
[Date "2010.04.06"]
[Round "4"]
[White "Weyers, Guido"]
[Black "Rudolph, Stephanie"]
[Result "1/2-1/2"]
[WhiteElo "1972"]
[BlackElo "1884"]
[PlyCount "98"]
[EventDate "2010.04.03"]
[EventType "swiss"]
[EventRounds "9"]
[EventCountry "GER"]
[SourceTitle "EXT 2012"]
[Source "ChessBase"]
[SourceDate "2011.11.24"]
[SourceVersion "1"]
[SourceVersionDate "2011.11.24"]
[SourceQuality "1"]

1. c4 e6 2. g3 d5 3. Nf3 Nf6 4. d4 Be7 5. Bg2 0-0 6. Qc2 c6 7. 0-0 Nbd7 8. Nbd2 b6 9. e4 dxe4 10. Nxe4 Nxe4 11. Qxe4 Bb7 12. Rd1 Nf6 13. Qc2 Qc8 14. Bf4 c5 15. Rac1 cxd4 16. Be5 Be4 17. Qe2 d3 18. Qe3 Qb7 19. Ne1 Bxg2 20. Nxg2 Ng4 21. Qf4 Nxe5 22. Qxe5 Bf6 23. Qb5 Rfd8 24. Nf4 Qf3 25. c5 d2 26. Rb1 bxc5 27. Ne2 Rab8 28. Qc4 Rxb2 29. Rxb2 Bxb2 30. Qb5 h6 31. Qa5 Rd3 32. Rxd2 Rxd2 33. Qxd2 Qf6 34. Qa5 Bd4 35. Nxd4 Qxd4 36. Qxa7 Qd1+ 37. Kg2 Qd5+ 38. Kg1 c4 39. Qb8+ Kh7 40. Qb1+ g6 41. Qc2 Qd4 42. Kf1 e5 43. a4 e4 44. Ke2 c3 45. a5 Kg7 46. a6 Qc4+ 47. Ke3 f5 48. a7 Qc5+ 49. Ke2 Qxa7 1/2-1/2

[Event "Berlin qualification op"]
[Site "Berlin"]
[Date "2010.04.05"]
[Round "3"]
[White "Shapiro, Yosip"]
[Black "Weyers, Guido"]
[Result "1/2-1/2"]
[WhiteElo "2115"]
[BlackElo "1972"]
[PlyCount "141"]
[EventDate "2010.04.03"]
[EventType "swiss"]
[EventRounds "9"]
[EventCountry "GER"]
[SourceTitle "EXT 2012"]
[Source "ChessBase"]
[SourceDate "2011.11.24"]
[SourceVersion "1"]
[SourceVersionDate "2011.11.24"]
[SourceQuality "1"]

1. e4 c6 2. d4 d5 3. e5 c5 4. dxc5 Nc6 5. Nf3 Bg4 6. Be2 e6 7. Nbd2 Bxc5 8. 0-0 Nge7 9. a3 a5 10. h3 Bh5 11. Nb3 Bb6 12. g4 Bg6 13. c3 h5 14. Bf4 hxg4 15. hxg4 Be4 16. Bg3 Ng6 17. Nbd2 Qe7 18. Qa4 Bxf3 19. Nxf3 0-0-0 20. Kg2 Bc7 21. Rh1 Ngxe5 22. Nxe5 Nxe5 23. Rxh8 Rxh8 24. Qd4 Ng6 25. Qxg7 Bxg3 26. fxg3 Qf8 27. Qxf8+ Rxf8 28. Rh1 Rh8 29. Rh5 Kd7 30. Bd3 Rg8 31. c4 dxc4 32. Bxc4 b6 33. Bd3 Kd6 34. Rg5 e5 35. Rf5 Rg7 36. Rf6+ Kc5 37. Be4 Ne7 38. Kf3 b5 39. Ra6 a4 40. Ra7 Nd5 41. Rb7 Nf6 42. Bf5 e4+ 43. Kf4 Kd4 44. Bd7 Nd5+ 45. Kf5 f6 46. g5 Rxg5+ 47. Ke6 Rxg3 48. Kd6 Rg5 49. Bxb5 e3 50. Rh7 Nf4 51. Ba6 e2 52. Bxe2 Nxe2 53. Rh4+ Kd3 54. Rxa4 Re5 55. Ra8 Ng3 56. b4 Ne4+ 57. Kc6 Kc4 58. b5 Re6+ 59. Kd7 Nc5+ 60. Kc7 Kxb5 61. Rb8+ Ka4 62. Ra8+ Kb3 63. Ra5 Na4 64. Kd7 Re5 65. Ra7 Kxa3 66. Kd6 Rf5 67. Ke6 Rf1 68. Ra5 Kb4 69. Rf5 Nc5+ 70. Kxf6 Nd7+ 71. Ke6 1/2-1/2

[Event "Berlin Kreuzberg op"]
[Site "Berlin"]
[Date "2007.07.20"]
[Round "7"]
[White "Foerster, Jonas"]
[Black "Weyers, Guido"]
[Result "1-0"]
[WhiteElo "2055"]
[BlackElo "1811"]
[PlyCount "62"]
[EventDate "2007.07.20"]
[EventType "swiss"]
[EventRounds "9"]
[EventCountry "GER"]
[SourceTitle "EXT 2008"]
[Source "ChessBase"]
[SourceDate "2007.11.25"]
[SourceVersion "1"]
[SourceVersionDate "2007.11.25"]
[SourceQuality "1"]

1. d4 Nf6 2. Nf3 c5 3. d5 g6 4. Nc3 Bg7 5. d6 0-0 6. Bf4 e6 7. e4 Qb6 8. Rb1 Nc6 9. Nd2 Qd8 10. Nc4 Nh5 11. Bd2 f5 12. Be2 Nf6 13. exf5 exf5 14. 0-0 a6 15. a4 Nd4 16. a5 Re8 17. Bf3 Ne4 18. Bxe4 fxe4 19. Re1 b5 20. Nb6 Bb7 21. Nxa8 Bxa8 22. Ne2 Be5 23. c3 Qh4 24. Ng3 Nf5 25. Be3 Bxd6 26. b4 cxb4 27. cxb4 Qe7 28. Nxf5 gxf5 29. Qd2 Qe5 30. f4 exf3 31. Bf4 Qxf4 1-0